Statistiche per Quiz sulla Namibia

Clicka qui per fare il quiz!

Statistiche generali

  • Questo quiz è stato fatto 277 volte
  • Il punteggio medio è 14 su 20

Statistiche sulle risposte

HintRisposta% Corretto
Botswana
97%
Sudafrica
97%
Paesi confinantiAngola
96%
Paese europeo che colonizzò la Namibia tra il 1884 e il 1915Germania
94%
Lingua ufficialeInglese
92%
Zambia
92%
CapitaleWindhoek
86%
Si stima che il 13,8% degli adulti sia positivo per questo virusAIDS / HIV
81%
Unico paese al mondo meno densamente popolato della NamibiaMongolia
76%
La Namibia ha una delle più alte popolazioni di questo veloce mammiferoGhepardo
74%
La Namibia è il quarto estrattore più grande di questo elemento (numero atomico 92)Uranio
71%
Maggior deserto che si estende dal centro ad est del paeseKalahari
68%
Deserto costiero forse il più antico del mondoNamib
66%
Fiume che segna parte del confine della Namibia con il paese n.4Zambesi
65%
Grande fiume che segna il confine con il paese confinante n.3Orange
56%
Zona costiera "ossuta" dove sono morti un gran numero di marinai europei a causa della fitta nebbia e le violente tempeste{Skeleton} Coast
45%
Popolo indigeno dell'Africa meridionale che si discostò geneticamente da tutte le altre etnie più di 100.000 anni faSan (Boscimani)
42%
L'unico porto naturale sulla costa namibiana{Walvis} Bay
41%
Il Fish River costituisce il ___ più grande dell'Africa con circa 160 chilometri di lunghezza e 550 metri di profonditàCanyon
40%
Gruppo di isole che prendono il nome dagli uccelli che le abitanoIsole dei {Pinguini}
34%

Distribuzione punteggi

Percentile per numero di risposta

Percentuale di utenti per punteggio

I tuoi punteggi nel tempo

Non hai fatto questo quiz